000 00792nam a2200253Ia 4500
003 OSt
005 20220923212428.0
006 a|||||r|||| 00| 0
007 ta
008 220922b |||||||| |||| 00| 0 hin d
024 _a152,878
037 _cTextual
040 _aARTS
_cARTS
_bhin
041 _2hin
_ahin
082 _aO142,3M28,1, 152L0
100 _aतालस्ताय
_9156277
245 0 _aयुद्ध और शान्ति
246 _aYuddha aur shānti
260 _aदिल्ली
_b प्रभात प्रकाशन
_c1970
300 _a464पृ.
_ccm.
650 _aहिन्दी साहित्य
_9156264
942 _hO142,3M28,1, 152L0
_cTEXL
_2CC
999 _c308527
_d308527